Normal view
MARC view
- Parreño, Earl G.
Entry Personal Name
001 - CONTROL NUMBER
- control field: 43152
003 - CONTROL NUMBER IDENTIFIER
- control field: OSt
005 - DATE AND TIME OF LATEST TRANSACTION
- control field: 20210420085703.0
008 - FIXED-LENGTH DATA ELEMENTS
- fixed length control field: 210420|| aca||aabn | a|a d
040 ## - CATALOGING SOURCE
- Original cataloging agency: OSt
- Transcribing agency: OSt
100 ## - HEADING--PERSONAL NAME
- Personal name: Parreño, Earl G.
670 ## - SOURCE DATA FOUND
- Source citation: Work cat.: (OSt): Parreño, Earl G. , Beyond will & power : , [2019].
